000 00401 a2200169 4500
001 156425
020 _a8516052699
040 _cEscola São Tomás de Aquino
100 _aMARTHO, Gilberto Rodrigues
240 1 0 _aFundamentos da Biologia moderna
_lpor
245 1 0 _aFundamentos da Biologia moderna
300 _a839
362 0 _a2006
440 1 _aModerna
697 _aBIOLOGIA
942 _cBK
999 _c156425
_d156425